| 000 | 00643nam a22001457a 4500 | ||
|---|---|---|---|
| 020 | _a978-93-510304-85 | ||
| 082 |
_a001 _bBAS/M |
||
| 100 | _aBASU, BIMAN | ||
| 245 |
_aMIND GAMES _b150 BRAINTEASERS AND PUZZLES |
||
| 260 |
_aNEW YORK _bSCHOLASTIC INC _c2013 |
||
| 300 | _a60 | ||
| 520 | _a"Mind Games” by Kiersten White is a psychological thriller about two sisters with unique powers and abilities. The sisters are controlled by a powerful agency and are held captive against their will. Though the story is frustrating at times, the end of the book compensates for any confusion the reader may have.2 | ||
| 650 | _aSHORT STORY | ||
| 942 | _cBK | ||
| 999 |
_c6700 _d6700 |
||